000 00906cam a2200253 a 4500
008
020 _a9780750687126 (pbk.)
049 _aMAIN
090 _aHV551.3
_bPHE
100 _aPhelan, Thomas D.
245 0 _aEmergency management and tactical response operations :
_bbridging the gap /
_cby Thomas D. Phelan.
260 _aAmsterdam :
_bButterworth-Heinemann,
_cc2008.
300 _axxi, 289 p. :
_bill. ;
_c24 cm.
440 4 _aThe Butterworth-Heinemann homeland security series
500 _aIncludes index.
504 _aIncludes bibliographical references.
650 0 _aEmergency management
_xStudy and teaching (Higher)
_zUnited States.
650 0 _aLeadership
_xStudy and teaching (Higher)
_zUnited States.
907 _a.b10274844
_b27-04-10
_c04-03-10
003
005 20230123125015.0
040 _cNUST
942 _cBOOKS
_kHV551.3
_mPHE
999 _c134068
_d134068